00495nam a22001577a 450000500170000001000150001702000260003203500130005803700130007108200170008410000190010124500650012026000480018527000800023330000240031320151119121745.0 aENG-114153 c225.00a9789350350492 aEN-97685 bDBAD/PUB a347.54014092 aNagaria, Avni  aJustice VR Krishna Iyer : cby Avni Nagaria bour heritage / aNew Delhi bUniversal Law Publishing c2011 aC-FF-1A, Dilkhush Industrial Estate, G.T. Karnal Road, bNew Delhi e110033 axvi,155p.c22cm(Hb)